000 01145nam0a22003371 4500
001 RU\NLR\bibl\561981
005 20250609162926.0
010 _a5-88353-131-8
035 _a(NLR Aleph) 000554093
090 _a1490921
_c1490921
100 _a20041013d2002 |||y0rusy50 ca
101 1 _arus
_ceng
102 _aRU
105 _aa |||||||||
200 1 _aТурция
_eИстория и достопримечательности
_e[Альбом-путеводитель]
_fАуретта Монеси
_g[Пер. с англ. Александр Романов]
210 _aМ.
_cБММ АО
_d2002
215 _a135 с.
_cцв. ил.
_d31
225 1 _aГорода и страны
320 _aУказ.: с. 134-135
607 _aТурция
_jПутеводители
_91007325
_3RU\NLR\auth\6665216
686 _aТ3(5Ту)63я23
700 1 _aМонеси
_bА.
_gАуретта
_4070
801 0 _aRU
_bNLR
_c20041013
_gPSBO
801 1 _aRU
_bNLR
_c20041013
830 _aАвт. по кн.
852 _aNLR
_bОЛСАА-сл-спр
_j5-396
942 _cBOOK
980 _aNB
980 1 _aSL_SPR